Stylistique et théologie à Edfou : le rituel de l'offrande de la campagne : étude de la composition /

محفوظ في:

المؤلف الرئيسي: Labrique, Françoise (مؤلف)

التنسيق: كتاب

اللغة: English

منشور في: Leuven : Uitgeverij Peeters en Departement Orientalistiek, 1992.

سلاسل: Orientalia Lovaniensia Analecta ; 51.
OLA ; 51.

الموضوعات:

الوسوم: إضافة وسم

لا توجد وسوم, كن أول من يضع وسما على هذه التسجيلة!

رقم الطلب: DS1 .O7 v.51

LEADER 01431namaa2200361 4500
001 12299
003 OSt
005 20240926100542.0
008 130303s1992 be a b 001 0 eng d
952 |0 0  |1 0  |2 lcc  |3 V.51  |4 0  |6 DS0001 O7 V.00051  |7 1  |9 11606  |a ARCE  |b ARCE  |d 2021-04-05  |l 0  |o DS1 .O7 v.51  |p 1015636  |r 2021-04-05 00:00:00  |w 2021-04-05  |y BK 
999 |c 10755  |d 10755 
010 |a 93143036 
020 |a 9068314610 
040 |c ARCE Library 
043 |a f-ua--- 
050 4 |a DS1 .O7 v.51 
100 1 |a Labrique, Françoise,  |e author  |9 34327 
245 1 0 |a Stylistique et théologie à Edfou :  |b le rituel de l'offrande de la campagne : étude de la composition /  |c par Françoise Labrique. 
264 1 |a Leuven :  |b Uitgeverij Peeters en Departement Orientalistiek,  |c 1992. 
300 |a viii, 367 pages :   |b illustrations ;   |c 25 cm. 
490 1 |a Orientalia Lovaniensia Analecta ;   |v 51. 
490 1 |a OLA ;   |v 51. 
500 |a "Publie avec le concours de la Fondation universitaire de Belgique et de la Fondation Michela Schiff Giorgini." 
504 |a Includes bibliographical references (pages 316-328) and indexes. 
555 |a .alaa-sweed 
610 2 0 |a Temple of Horus (Idfū, Egypt) 
650 0 |a Inscriptions, Egyptian. 
650 0 |a Horus (Egyptian deity)   |x Cult. 
651 0 |a Idfū (Egypt)  |x Religion. 
830 0 |a Orientalia Lovaniensia Analecta ;   |v 51. 
830 0 |a OLA ;   |v 51. 
901 |a reviewed 
942 |c BK  |2 lcc